000 00435nam a2200169Ia 4500
003 GCL
008 140319s9999 xx 000 0 eng d
040 _aGCL /
_cGCL
082 0 4 _a808.8
_bH C
100 1 _aELIOT,CHARLES W .
245 1 0 _aPLUTARCH'S LIVES /
_cELIOT,CHARLES W .
260 _a[S.N] :
_bTHE HARVARD CLASSICS ،
_c1993
300 _a389 P
650 0 4 _aENGLISH LITERATURE
650 0 4 _aTHEMISTOCLES
942 _2ddc
_cBK
999 _c12544
_d12544